LEADER 03011nam0 2200601 i 450 001 RAV0192941 005 20251003044326.0 020 $aIT$b1946 3354 090 $a589698 100 $a19920623d1946 ||||0itac50 ba 101 | $aita 102 $ait 181 1$6z01$ai $bxxxe 182 1$6z01$an 200 1 $aPer la salvezza del nostro paese$fPalmiro Togliatti 210 $aRoma$cEinaudi$d1946 215 $a423 p.$d20 cm 225 | $aTestimonianze$v2 410 0$1001CUB0608257$12001 $aTestimonianze$v2 606 $apolitica italiana$2FIR$3IEIC429059$9E 606 $aFascismo$2FIR$3CFIC008798$9E 606 $aItalia$xPolitica$x1941-1944$2FIR$3CFIC136621$9E 676 $a320.945$9SITUAZIONI E CONDIZIONI POLITICHE. Italia$v14 676 $a320.945$9SITUAZIONI E CONDIZIONI POLITICHE. Italia$v20 676 $a320.945$9SITUAZIONI E CONDIZIONI POLITICHE. Italia$v21 676 $a320.94509044$9SITUAZIONE E CONDIZIONI POLITICHE. ITALIA, 1940-1949$v20 676 $a324.245 075$9$v20 676 $a945.091$9STORIA D'ITALIA. REGNO DI VITTORIO EMANUELE III, 1900-1946$v20 686 $aC.i.05.10.1$cPartito comunista italiano. 1944-1947. I caratteri del "Partito Nuovo". La democrazia progressiva$2F 686 $aC.i.05.7$cPartito comunista italiano. 1944-1947. L'organizzazione del partito durante la resistenza$2F 686 $aC.i.5$cPartito comunista italiano. La politica culturale$2F 686 $aIT/272.0$cPOLITICA INTERNA CULTURA SOCIETA ITALIA 1943-1945$2R 686 $aIT/342.5/PCI$cPARTITI E MOVIMENTI POLITICI ITALIA PARTITO COMUNISTA ITALIANO 1945-1968$2R 686 $aIT/3420.0$cPOLITICA E CULTURA ITALIA 1945-1968$2R 686 $aSU/242.6$cSTAMPA E COMUNICAZIONI DI MASSA UNIONE SOVIETICA 1939-1945$2R 696 $aVita politica$aAttivitą politica$aAspetti politici 699 $aPolitica$zVita politica 699 $aPolitica$zAttivitą politica 699 $aPolitica$zAspetti politici 700 1$aTogliatti$b, Palmiro$3CFIV012634$4070$0128714 790 1$aErcoli$b, Ercole$3LO1V152165$zTogliatti, Palmiro 790 1$aCorrenti$b, Mario$3MILV135651$zTogliatti, Palmiro 801 3$aIT$bIT-000000$c19920623 850 $aIT-BN0095 $aIT-SA0037 $aIT-NA0299 $aIT-NA0120 $aIT-NA0230 $aIT-NA0313 901 $bNAP 42$cS. MODERNA$n$ 901 $bNAP AG$cF.AVOLIO $n$ 901 $bNAP 01$cPOZZO LIB.$nVi sono collocati fondi di economia, periodici di ingegneria e scienze, periodici di economia e statistica e altri fondi comprendenti documenti di economia pervenuti in dono. 901 $bNAP CR$cCORSI $n$ 912 $aRAV0192941 950 0$aBiblioteca Centralizzata di Ateneo$c1 v.$d 01POZZO LIB.ECON MON 5109$e 0101 0000291865E VMA 1 v.$fB $h20210331$i20210331 977 $a 01$a 42$a AG$a CR$a IR$a SE 996 $aPer la salvezza del nostro Paese$91514383 997 $aUNISANNIO